000 00737nam a22001697a 4500
003 OSt
005 20251020040859.0
008 251020b |||||||| |||| 00| 0 eng d
020 _a983-99084-9-9
040 _aDWC-Main Lib.
_cOC
082 _aCirc. 371.42 P963 1999
245 _aProceedings :
_bRegional Conference-Workshop on Cultural Diversity Issues in Counselling, 4 June 1999, Kota Kinabalu, Sabah / editors, Haji Abdul Halim Othman, Rosnah Ismail, Haris Shah Abd. Hamid
260 _aMalaysia :
_bUniversiti Malaysia Sabah,
_cc1999.
300 _a87 pages ;
_c25 cm.
650 _aCounseling--Congresses. I. Othman, Haji Abdul Halim. II. Ismail, Rosnah. III. Hamid, Harris Shah Abd.
942 _2ddc
_cBK-CIRC
_hCirc.
_n0
999 _c4931
_d4931